Nghi vấn về tác giả Lục Vân Tiên /

Wedi'i Gadw mewn:
Manylion Llyfryddiaeth
Prif Awdur: Nguyễn Văn Trung, GS.
Fformat: Erthygl
Iaith:Vietnamese
Pynciau:
Tagiau: Ychwanegu Tag
Dim Tagiau, Byddwch y cyntaf i dagio'r cofnod hwn!
Thư viện lưu trữ: Thư viện Trường Đại học Đà Lạt
LEADER 00667nam a2200253 4500
001 DLU090075342
005 ##20090528
040 # # |a DLU  |b vie 
041 # # |a vie 
044 # # |a vn 
100 # # |a Nguyễn Văn Trung,   |c GS. 
245 # # |a Nghi vấn về tác giả Lục Vân Tiên /  |c Nguyễn Văn Trung. 
653 # # |a Khảo cứu văn học 
653 # # |a Nguyễn Đình Chiểu, 1822-1888  
653 # # |a Truyện Nôm  
773 # # |t Tạp chí văn học  |g Số 12, 1999, tr. 27-34 
994 # # |a DLU 
900 # # |a True 
911 # # |a Nguyễn Thị Linh Chi 
925 # # |a G 
926 # # |a A 
927 # # |a BB 
980 # # |a Thư viện Trường Đại học Đà Lạt